Guess the 1960s song lyrics #227 - Statistics

General Stats
  • This quiz has been taken 26 times
  • The average score is 141 of 261
Answer Stats
Answer % Correct
a
100%
I
100%
the
100%
be
85%
there
85%
We
85%
we
85%
and
77%
And
77%
do
77%
this
77%
Where
77%
you
77%
You
77%
get
69%
If
69%
is
69%
it
69%
it's
69%
me
69%
my
69%
no
69%
to
69%
ever
62%
for
62%
Now
62%
of
62%
your
62%
baby
54%
day
54%
In
54%
in
54%
know
54%
life
54%
place
54%
there's
54%
time
54%
Animals
46%
away
46%
been
46%
girl
46%
Girl
46%
gotta
46%
last
46%
night
46%
Oh
46%
oh
46%
one
46%
outta
46%
so
46%
Yeah
46%
yeah
46%
yes
46%
You'll
46%
you're
46%
before
38%
better
38%
city
38%
Every
38%
his
38%
I've
38%
pretty
38%
thing
38%
too
38%
true
38%
ain't
31%
Believe
31%
Cause
31%
dead
31%
due
31%
hair
31%
hard
31%
He's
31%
he's
31%
old
31%
part
31%
refused
31%
shine
31%
sun
31%
tell
31%
young
31%
bed
23%
daddy
23%
dirty
23%
dyin
23%
gray
23%
slavin
23%
tryin
23%
turnin
23%
use
23%
Watch
23%
workin
23%
People
15%
Somewhere
8%
Watched
8%
Woah
8%
No matching quizzes found
Score Distribution
Percent of People with Each Score
Percentile by Number Answered
Your Score History
You have not taken this quiz